000
00337nam a2200145Ia 4500
008
150201s2002 xx 000 0 und d
082
_a
610
_b
O02C
100
_a
CYRIX , JAMES
245
_a
TB. OF ORTHOPAEDICS MEDICINE -1
250
_a
11TH
260
_b
AITBS
_a
DELHI
_c
2002
300
_a
1-502
650
_a
MEDICINE
942
_2
ddc
_c
BK
999
_c
1517
_d
1517